000 00403nam a2200145 i 4500
001 bg
245 0 _aUkłady izolacyjne urządzeń elektro-energetycznych :
_bpraca zbiorowa /
_cZdzisław Szczepański [et al.].
260 _aWarszawa,
_c1978
_aWNT.
700 1 _aSzczepański, Zdzisław
040 _cBPK
041 _apol
080 _a621.3
942 _cKS
008 s pl f |000 0 pol
999 _c9796
_d9796
856 _uhttp://koha.tu.koszalin.pl/cgi-bin/koha/opac-detail.pl?biblionumber=9796
_yKatalog online BPK